The crisis asic mechanisms and appropriate policies /

Bibliographic Details
Main Author: Blanchard, Olivier.
Corporate Author: ProQuest (Firm)
Format: Electronic eBook
Language:English
Published: [Washington D.C.] : International Monetary Fund, 2009.
Series:IMF working paper ; WP/09/80.
Subjects:
Online Access:Click to View
LEADER 01271nam a2200337Ia 4500
001 EBC1605893
003 MiAaPQ
005 20200520144314.0
006 m o d |
007 cr cn|||||||||
008 041202s2009 dcu sb i000 0 eng d
035 |a (MiAaPQ)EBC1605893 
035 |a (Au-PeEL)EBL1605893 
035 |a (CaPaEBR)ebr10369171 
035 |a (CaONFJC)MIL284301 
035 |a (OCoLC)870244700 
040 |a MiAaPQ  |c MiAaPQ  |d MiAaPQ 
050 4 |a HB3732  |b .B53 2009 
100 1 |a Blanchard, Olivier. 
245 1 4 |a The crisis  |h [electronic resource] :  |b asic mechanisms and appropriate policies /  |c prepared by Olivier Blanchard. 
260 |a [Washington D.C.] :  |b International Monetary Fund,  |c 2009. 
300 |a 22 p. 
490 1 |a IMF working paper ;  |v WP/09/80 
504 |a Includes bibliographical references. 
533 |a Electronic reproduction. Ann Arbor, MI : ProQuest, 2015. Available via World Wide Web. Access may be limited to ProQuest affiliated libraries. 
650 0 |a Economic stabilization. 
650 0 |a Economic indicators. 
655 4 |a Electronic books. 
710 2 |a ProQuest (Firm) 
830 0 |a IMF working paper ;  |v WP/09/80. 
856 4 0 |u https://ebookcentral.proquest.com/lib/matrademy/detail.action?docID=1605893  |z Click to View